| 000 | 01216nam a2200241Ia 4500 | ||
|---|---|---|---|
| 001 | 22013 | ||
| 003 | GE_BSU | ||
| 008 | 181216s||||||||xx |||||||||||||| ||und|| | ||
| 020 | _a9789994068418 | ||
| 040 | _cGE_BSU | ||
| 100 | _aდიკენსი, ჩარლზ. | ||
| 245 | _aსაშობაო მოთხრობები | ||
| 245 | _cინგლ. თარგმნა ზურაბ ცერცვაძემ (წინასიტყვ. ავტ.) ; [რედ. ბაჩო კვირტია ; გარეკანის მხატვ. ეკა ჯიბლაძე] | ||
| 260 | _a[თბ.] | ||
| 260 | _bააფ-მენეჯმენტი, | ||
| 260 | _c2007 | ||
| 300 | _a144გვ; 20სმ. | ||
| 541 | _h4ლ.40თ. | ||
| 653 | _aმხატვრული ლიტერატურა. | ||
| 653 | _aსაშობაო მოთხრობები | ||
| 653 | _aწუთისოფელი. "ოქროს მერის" აღსასრული. დოქტორი მერიგოლდი. წერილი უკაცრიელი კუნძულიდან. ჰორაციო სპარკინსი. | ||
| 942 | _cBK | ||
| 999 |
_c54942 _d54942 |
||